Statistics for All Minecraft Nether Biomes

Click here to take the quiz!

General Stats

  • This quiz has been taken 2 times
  • The average score is 3 of 5

Answer Stats

Answer% Correct
Warped Forest
100%
Basalt Delta
50%
Crimson Forest
50%
Soul Sand Valley
50%
Nether Wastes
0%

Score Distribution

Percentile by Number Answered

Percent of People with Each Score

Your Score History

You have not taken this quiz